|
|
|
|
| LEADER |
00000nas a22000007a 4500 |
| 005 |
20130315140942.0 |
| 007 |
cr|||| |||| |
| 008 |
130315c20009999gw fr|p s|||| 0|||a1eng d |
| 022 |
|
|
|a 14359871
|
| 035 |
|
|
|a 7181
|
| 040 |
|
|
|a vLex
|
| 090 |
|
|
|c 3938
|d 3938
|
| 245 |
0 |
0 |
|a Demographic Research
|h [Recurso electrn̤ico]
|
| 256 |
|
|
|a Servicio en ln̕ea
|
| 260 |
|
|
|a Rostock :
|b Max Planck Institut für Demografische Forschung,
|c 2000-
|
| 300 |
|
|
|a 1 Recurso electrn̤ico
|
| 506 |
|
|
|d vLex Global
|d vLex Global (Academic Edition, excluding Law Schools)
|d vLex Global (U.S. Academic Edition, Law Schools)
|d vLex Global (U.S. Academic Edition, excluding Law Schools)
|d vLex Global (Academic Edition, Law Schools)
|
| 650 |
0 |
4 |
|a Demografa̕
|v Revistas
|
| 650 |
0 |
4 |
|a Economa̕
|v Revistas
|
| 650 |
0 |
4 |
|a Geografa̕ humana
|v Revistas
|
| 650 |
0 |
4 |
|a Sociologa̕
|v Revistas
|
| 740 |
|
|
|a vLex Revistas (Servicio en ln̕ea)
|
| 856 |
|
|
|a Acceso restringido
|u http://www.vlex.com/source/7181
|
| 942 |
|
|
|c REV
|
| 999 |
|
0 |
|a Economics
|